Catálogo

Crítica de la información de masas / (Registro nro. 41831)

Detalles MARC
000 -LEADER
fixed length control field 01404cam a2200325 i 4500
001 - CONTROL NUMBER
control field 41831
003 - CONTROL NUMBER IDENTIFIER
control field Mx-PuUPA
005 - DATE AND TIME OF LATEST TRANSACTION
control field 20260302141937.0
008 - FIXED-LENGTH DATA ELEMENTS--GENERAL INFORMATION
fixed length control field 140415s2008 mx ad gr 000 0 spa d
020 ## - INTERNATIONAL STANDARD BOOK NUMBER
International Standard Book Number 9789682482236
040 ## - CATALOGING SOURCE
Original cataloging agency Mx-PuUPA
Language of cataloging spa
Transcribing agency Mx-PuUPA
Modifying agency Mx-PuUPA
Description conventions rda
041 0# - LANGUAGE CODE
Language code of text/sound track or separate title spa
100 1# - MAIN ENTRY--PERSONAL NAME
Personal name Toussaint Alcaraz, Florence,
9 (RLIN) 14902
Relator term autor
245 10 - TITLE STATEMENT
Title Crítica de la información de masas /
Statement of responsibility, etc. Florence Toussaint
250 ## - EDITION STATEMENT
Edition statement Cuarta edición /
Remainder of edition statement agosto
264 #1 - PRODUCTION, PUBLICATION, DISTRIBUTION, MANUFACTURE, AND COPYRIGHT NOTICE
Place of production, publication, distribution, manufacture México, D. F. :
Name of producer, publisher, distributor, manufacturer Editorial Trillas,
Date of production, publication, distribution, manufacture, or copyright notice ©2008
300 ## - PHYSICAL DESCRIPTION
Extent 120 páginas :
Other physical details ilustraciones, diagramas ;
Dimensions 23 cm
336 ## - CONTENT TYPE
Fuente rdacontent
Content type term texto
Content type code txt
337 ## - MEDIA TYPE
Source rdamedia
Media type term sin medio
Media type code n
338 ## - CARRIER TYPE
Source rdacarrier
Carrier type term volumen
Carrier type code nc
500 ## - GENERAL NOTE
General note "Funcionalismo y comunicación ; Corriente crítica y comunicación ; Economía política de la comunicación". -- Cubierta
500 ## - GENERAL NOTE
General note Reimpresiones: (febrero, 2014).
650 #7 - SUBJECT ADDED ENTRY--TOPICAL TERM
Source of heading or term armarc
Topical term or geographic name entry element Comunicación
650 #7 - SUBJECT ADDED ENTRY--TOPICAL TERM
Source of heading or term armarc
Topical term or geographic name entry element Teoría de la comunicación
775 0# - OTHER EDITION ENTRY
Main entry heading Toussaint Alcaraz, Florence,
Edition Quinta edición
Place, publisher, and date of publication Ciudad de México : Editorial Trillas ; 2019
Physical description 93 Páginas : ilustraciones, diagramas; 23 cm
Title Crítica de la información de masas
Record control number (Mx-PuUPA) 28237
International Standard Book Number 9786071735980
942 ## - ADDED ENTRY ELEMENTS (KOHA)
Source of classification or shelving scheme Dewey Decimal Classification
Koha item type Libro
Classification part 302.23
Item part T72
Existencias
Withdrawn status Lost status Source of classification or shelving scheme Damaged status Not for loan Collection code Home library Current library Shelving location Date acquired Source of acquisition Total Checkouts Full call number Barcode Date last seen Price effective from Koha item type Date last checked out Copy number
    Dewey Decimal Classification     General Biblioteca Karol Wojtyla Biblioteca Karol Wojtyla Sala general 03/12/2013 Donación   302.23 T72 2008 63072 03/03/2026 03/12/2013 Libro    
    Dewey Decimal Classification     General Tehuacán Tehuacán Sala general 03/12/2013 Compra   302.23 T72 2008 968000003165 03/03/2026 03/12/2013 Libro 02/12/2015  
    Dewey Decimal Classification     General Tehuacán Tehuacán Sala general 03/03/2017 Compra 2 302.23 T72 2008 968000003164 03/03/2026 03/03/2017 Libro 16/11/2022 Ej.2